Statistics for The quintessential quintuplets - characters

Click here to take the quiz!

General Stats

  • This quiz has been taken 7 times
  • The average score is 6 of 10

Answer Stats

HintAnswer% Correct
Mane characterFûtarô UESUGI
86%
3rd quintupletMiku NAKANO
86%
2nd quintupletNino NAKANO
86%
4th quintupletYotsuba NAKANO
86%
Older quintupletIchika NAKANO
71%
Youngest quintupletItsuki NAKANO
71%
Their motherRena NAKANO
57%
His sisterRaiha UESUGI
43%
Their step-fatherMaruo NAKANO
29%
His fatherIsanari UESUGI
14%

Score Distribution

Percentile by Number Answered

Percent of People with Each Score

Your Score History

You have not taken this quiz